| 000 | 00979nam0a22002531 4500 | ||
|---|---|---|---|
| 001 | RU\NLR\INFOCOMM_165\5000005773 | ||
| 005 | 20260419063757.0 | ||
| 035 | _a(NLR Aleph) 009201855 | ||
| 090 |
_a8694825 _c8694825 |
||
| 100 | _a20100427d1964 |||y0rusy50 ca | ||
| 101 | 1 |
_aspa _crus |
|
| 102 | _aRU | ||
| 105 | _ay ||||000|y | ||
| 200 | 1 | _aDiscurso de N. Jruschov pronunciado en Port-Said | |
| 210 |
_a[Μ. _d1964] |
||
| 215 | _aс. 21-29 | ||
| 300 | _aВ кн.: Declaración conjunta soviético-árabe. [M., 1964], с. 21-29 | ||
| 423 | 0 |
_12001#$aGran fiesta de los pueblos africanos$eN. Jruschov felicita a los jefes de estado (gobierno) de los paises africanos con motivo del dia de la liberación de Africa _tGran fiesta de los pueblos africanos |
|
| 700 | 1 |
_4070 _7ba _8rus _aChruščev _bN. S. _f1894-1971 _gNikita Sergeevič _3RU\NLR\AUTH\770229277 _9229221 |
|
| 801 | 1 |
_aRU _bNLR _c20100427 |
|
| 801 | 0 |
_aRU _bNLR _gPSBO |
|
| 852 |
_aNLR _jИ91 Г-4/464 |
||
| 942 | _cBOOK | ||
| 980 | _aNB | ||